00672naa#a2200193#i#4500001002200000005001700022011001400039100004100053101000800094102000700102200011000109210005100219215001000270608002700280675007100307700005200378700003300430856001500463EN\INFRA-M\bibl\3069720260414013504.2##a2500-3291##a20190826b2019####ek#y0engy0150####ca0#aRUS##aRU1#aTypology of management decision-making processes classified by product life cycle stageseJournal article1#aMoscowcINFRA-M Academic Publishing LLC.d2019##a7 с.##aJournal article2local##aЭкономика. Экономические науки. 33zRUS#1aMitropol'skaya-RodionovagNadezhda Vladimirovna#1aKhorevagAnna Vyacheslavovna4#anaukaru.ru